Kojiki (Registro nro. 313933)

Detalles MARC
000 -ENCABEZADO
Número de control [NR] 00883 a2200241 4500
005 - FECHA Y HORA DE LA ÚLTIMA TRANSACCIÓN
control field 20190724042936.0
008 - DE LONGITUD FIJA DE DATOS DE ELEMENTOS - INFORMACIÓN GENERAL
Elementos de longitud fija [NR] 190724s2018 sp ||||| |||| 00| 0 spa d
020 ## - NUMERO INTERNACIONAL NORMALIZADO PARA LIBROS [R]
Número Internacional Normalizado del libro [NR] 9788498797671 (3a.Ed.)
040 ## - FUENTE DE CATALOGACION [NR]
Agencia de catalogación original [NR] CO-BoUCM
Idioma de catalogación [NR] spa
Quien Cataloga Saul Niño
Quien Clasifica Saul Niño
041 1# - CODIGO DE IDIOMA [R]
Código de idioma para texto/pista de sonido o título separado [R] Español
245 10 - MENCION DE TITULO [NR]
Título [NR] Kojiki
Parte restante del título [NR] crónicas de antiguos hechos de Japón
Mención de responsabilidad, etc. [NR] edición y traducción del japonés de Carlos Rubio y Rumi Tani Moratalla
250 ## - MENCION DE EDICION [NR]
Mención de edición [NR] Tercera edición
260 ## - PUBLICACION, DISTRIBUCION, ETC. (PIE DE IMPRENTA) [R]
Lugar de publicación, distribución, etc. [R] Madrid
Nombre del editor, distribuidor, etc. [R] Editorial Trotta
Fecha de publicación, distribución, etc. [R] 2018
300 ## - DESCRIPCION FISICA [R]
Extensión [R] 282 páginas
490 0# - MENCION DE SERIE [R]
Mención de serie [R] Pliegos de Oriente
650 #7 - ASIENTO SECUNDARIO DE MATERIA - TERMINO TEMATICO [R]
9 (RLIN) 19626
Término temático o nombre geográfico como elemento de entrada [NR] Mitología
651 ## - ASIENTO SECUNDARIO DE MATERIA - NOMBRE GEOGRAFICO [R]
Nombre geográfico [NR] Japón
Subdivisión general [R] Historia
Subdivisión cronológica [R] Hasta 645
9 (RLIN) 97765
651 ## - ASIENTO SECUNDARIO DE MATERIA - NOMBRE GEOGRAFICO [R]
Nombre geográfico [NR] Japón
Subdivisión general [R] Reyes y soberanos
9 (RLIN) 97766
700 10 - ASIENTO SECUNDARIO - NOMBRE PERSONAL [R]
Nombre personal [NR] Rubio, Carlos
Fechas asociadas con el nombre [NR] 1951-
Término de relación [R] traductor
9 (RLIN) 97767
700 10 - ASIENTO SECUNDARIO - NOMBRE PERSONAL [R]
Nombre personal [NR] Tani Moratalla, Rumi
Término de relación [R] traductor
9 (RLIN) 97768
942 ## - ELEMENTOS DE ENTRADA AGREGADOS (KOHA)
Tipo de ítem principal el descrito en 300a Libro de reserva
Sistema de clasificación DEWEY
Tema principal Historia
Edición 3
Clasificación 952.01
Parte restante de la signatura top. K798c
Existencias
Fecha de último préstamo Total préstamos Total Renewals Signatura topográfica Código de barras Última vez visto Volúmen / Fascículo Ejemplar Costo de reposición Price effective from Tipo de ítem Perdido Sistema de clasificación Dañado No prestable Tipo de ítem específico Suprimido Ubicación habitual Ubicación actual Localización Fecha de creación Proveedor Forma de adquisición Costo
26/07/2019 1 8 952.01 K798c 100162502 10/12/2025 3a.Ed. Ej.2 86100.00 22/07/2019 Libro   DEWEY     Libro   Claustro Claustro 2do piso 22/07/2019 35 Compra 86100.00
      952.01 K798c 100162501 10/12/2025 3a.Ed. Ej.1 86100.00 22/07/2019 Libro   DEWEY     Libro   Claustro Claustro 2do piso 22/07/2019 35 Compra 86100.00